Controlling nákladov podniku financovaného na princípe verejných zdrojov

V príspevku sa autor zameriava na riešenie problematiky kontrolingu a riadenia nákladov, a to v špecifickej oblasti, akou sú ich kalkulácie. Príspevok je zameraný na kalkulácie nákladov podľa čiastkových činností – Activity Based Costing.

Saved in:
Bibliographic Details
Main Author: Tóth, Miroslav, 1961-
Format: Book Chapter
Language:Slovak
Subjects:
Tags: Add Tag
No Tags, Be the first to tag this record!

MARC

LEADER 00000nla a2200000 4500
001 0180474
005 20240522124317.0
041 0 |a slo 
044 |a SK 
245 1 0 |a Controlling nákladov podniku financovaného na princípe verejných zdrojov  |c Miroslav Tóth 
520 |a V príspevku sa autor zameriava na riešenie problematiky kontrolingu a riadenia nákladov, a to v špecifickej oblasti, akou sú ich kalkulácie. Príspevok je zameraný na kalkulácie nákladov podľa čiastkových činností – Activity Based Costing. 
610 2 0 |a náklady 
610 2 0 |a kalkulácia nákladov 
610 2 0 |a riadenie 
610 2 0 |a kontroling 
610 2 0 |a zdroje finančné 
610 2 0 |a financovanie podnikov 
610 2 0 |a financie verejné 
100 1 |a Tóth, Miroslav, 1961-